[Event "49th Reggio Emilia it"]
[Site "Reggio Emilia ITA"]
[Date "2007.01.06"]
[Round "8"]
[White "Mogranzini, Roberto"]
[Black "Shytaj, Luca"]
[Result "1-0"]
[WhiteElo "2401"]
[BlackElo "2441"]
[EventDate "2006.12.30"]
[PlyCount "145"]

1.e4 c5 2.Nf3 d6 3.d4 Nf6 4.Nc3 cxd4 5.Nxd4 a6 6.Be3 Ng4 7.Bc1 Nf6 8.Be3 
e5 9.Nf3 Qc7 10.a4 b6 11.Nd5 Nxd5 12.Qxd5 Nc6 13.Ng5 Rb8 14.Bc4 Nd8 15.Qd3
Be7 16.O-O O-O 17.Rfc1 Nc6 18.c3 Na5 19.Bd5 h6 20.Nf3 Be6 21.Bxe6 fxe6 22.
Nd2 b5 23.axb5 axb5 24.b4 Nc6 25.Qe2 Kh7 26.Nb3 Qb7 27.Qg4 Rf6 28.Qe2 Rff8
29.Qg4 Rf6 30.Qe2 Kh8 31.Ra2 Bd8 32.Qd3 Bc7 33.Rca1 Rff8 34.h3 Rfd8 35.Ra6
Rbc8 36.Qe2 Rf8 37.Qh5 Kh7 38.Nd2 Nb8 39.Ra7 Qc6 40.Nf3 Qe8 41.Qxe8 Rfxe8 
42.Rb7 Bd8 43.Ra3 Nc6 44.Rxb5 Re7 45.Nd2 Rd7 46.Nb3 Rdc7 47.c4 Rd7 48.Ra2 
Be7 49.Rd2 Na7 50.Ra5 Nc6 51.Ra4 Nd4 52.Na5 Bf6 53.Raa2 Rb8 54.Rab2 Rc7 
55.b5 Rcc8 56.Bxd4 exd4 57.Nc6 Rb6 58.f4 Rbxc6 59.bxc6 Rxc6 60.Rbc2 Bd8 
61.Kf1 e5 62.Ke2 Ba5 63.Rd1 Bb4 64.fxe5 dxe5 65.Rb1 Bc3 66.Kd3 Rg6 67.Rf1 
Bb4 68.c5 Ra6 69.Kc4 Bc3 70.Rf3 Ra4+ 71.Kd5 Kg6 72.c6 Ra5+ 73.Kd6 1-0

[Event "49th Reggio Emilia it"]
[Site "Reggio Emilia ITA"]
[Date "2007.01.06"]
[Round "8"]
[White "Romanishin, Oleg"]
[Black "Manca, Federico"]
[Result "1-0"]
[WhiteElo "2542"]
[BlackElo "2425"]
[EventDate "2006.12.30"]
[PlyCount "139"]

1.d4 d5 2.c4 e6 3.Nf3 c5 4.cxd5 exd5 5.Nc3 Nc6 6.g3 Nf6 7.Bg2 Be7 8.O-O 
O-O 9.Bg5 cxd4 10.Nxd4 h6 11.Bxf6 Bxf6 12.Nb3 d4 13.Nd5 Re8 14.Re1 Be5 15.
Nc5 Bd6 16.Qc2 Bxc5 17.Qxc5 Re5 18.e4 dxe3 19.Rxe3 Rxe3 20.Qxe3 Bh3 21.
Bxh3 Qxd5 22.Bg2 Qb5 23.Qc3 Rd8 24.a4 Qe2 25.Bf3 Qd2 26.Kg2 Qxc3 27.bxc3 
Na5 28.c4 Rd4 29.Rc1 Rxc4 30.Rxc4 Nxc4 31.Bxb7 Kf8 32.Bd5 Nb6 33.Bb3 a5 
34.Kf3 Ke7 35.Ke4 Kd6 36.Kd4 f6 37.h4 Kc6 38.h5 Kd6 39.Bc2 Kc6 40.Ke4 Kd6 
41.Kd4 Kc6 42.Bg6 Kd7 43.Bd3 Kd6 44.Bb5 Nc8 45.g4 Ne7 46.Be2 f5 47.gxf5 
Nxf5+ 48.Kc4 Ne7 49.Bd3 Nd5 50.Be4 Nf4 51.Bf3 Nh3 52.Kb5 Nxf2 53.Kxa5 Kc5 
54.Ka6 Nd3 55.a5 Nb4+ 56.Kb7 Kb5 57.a6 Nxa6 58.Be2+ Kc5 59.Bxa6 Kd6 60.Bd3
Ke7 61.Bg6 Kd7 62.Kb6 Kd6 63.Bc2 Kd5 64.Kc7 Ke6 65.Bg6 Ke7 66.Kc8 Kf8 67.
Kd7 Kg8 68.Ke8 Kh8 69.Ke7 Kg8 70.Bf7+ 1-0

[Event "49th Reggio Emilia it"]
[Site "Reggio Emilia ITA"]
[Date "2007.01.07"]
[Round "9"]
[White "Manca, Federico"]
[Black "Brunello, Sabino"]
[Result "1/2-1/2"]
[WhiteElo "2425"]
[BlackElo "2460"]
[EventDate "2006.12.30"]
[PlyCount "63"]

1.e4 e5 2.Nf3 Nc6 3.Bb5 a6 4.Ba4 Nf6 5.O-O Be7 6.Re1 b5 7.Bb3 O-O 8.h3 Bb7
9.d3 d6 10.c3 Na5 11.Bc2 c5 12.Nbd2 Re8 13.Nf1 Bf8 14.Ng3 g6 15.Bg5 Bg7 
16.Qd2 d5 17.exd5 Bxd5 18.Nxe5 Qd6 19.Bf4 Qb6 20.Bh6 Bh8 21.d4 cxd4 22.
cxd4 Nc4 23.Nxc4 bxc4 24.Rab1 Be6 25.Ba4 Red8 26.Be3 Nd5 27.Bg5 Rdc8 28.
Be3 Rab8 29.Ne4 Bf5 30.Bc2 Nb4 31.d5 Qd8 32.Bf4 1/2-1/2

[Event "49th Reggio Emilia it"]
[Site "Reggio Emilia ITA"]
[Date "2007.01.07"]
[Round "9"]
[White "Shytaj, Luca"]
[Black "Romanishin, Oleg"]
[Result "1/2-1/2"]
[WhiteElo "2441"]
[BlackElo "2542"]
[EventDate "2006.12.30"]
[PlyCount "48"]

1.e4 e5 2.Nf3 Nc6 3.d4 exd4 4.Nxd4 Bc5 5.Nxc6 Qf6 6.Qd2 dxc6 7.Nc3 Ne7 8.
Qf4 Qe6 9.Bd3 O-O 10.Qxc7 Ng6 11.Be3 Bxe3 12.fxe3 Ne5 13.Be2 f6 14.O-O-O 
Qf7 15.Qxf7+ Kxf7 16.Rd4 Be6 17.Rhd1 Ke7 18.b3 h5 19.Na4 b6 20.Nb2 h4 21.
Nd3 c5 22.Nxe5 fxe5 23.Rd6 Rad8 24.Rxd8 Rxd8 1/2-1/2